MARC

LEADER 00000nas a2200000 a 4500
001 ssj0020970
003 WaSeSS
005 20200512172242.0
006 m d
007 cr n
008 010811c19999999enkbr pss 0 a0eng c
010 |a  2004698508 
022 |a 1465-9832  |l 1463-6689  |y 1463-6689 
035 |a (WaSeSS)ssj0020970 
037 |b Emerald Group Publishing Ltd, 60/62 Toller Lane, Bradford BD8 9BY, England 
040 |a F#A  |b eng  |c F#A  |d OCLCQ  |d CNU  |d ZCU  |d MUQ  |d UQ1  |d OCLCQ  |d VRC  |d OCLCQ  |d OCLCF  |d VT2  |d COO  |d OCLCQ  |e pn  |d DLC  |d WaSeSS 
042 |a pcc 
050 0 0 |a CB158 
082 0 4 |a 003.2 
130 0 |a Foresight (Cambridge, England : Online) 
245 1 0 |a Foresight  |h [electronic resource]. 
246 1 3 |a Foresight, the journal of future studies, strategic thinking and policy 
260 |a Bradford :  |b Emerald Group Publishing,  |c 1999- 
310 |a Bimonthly 
362 0 |a Vol. 1 no. 1 (1999)- 
500 |a Title from issue table of contents (publisher Website, viewed Aug. 7, 2001). 
506 |a License restrictions may limit access. 
538 |a Mode of access: World Wide Web. 
588 |a Latest issue consulted: Vol. 18, issue 6 (2016) (Emerald Insight website, viewed Dec. 2, 2016). 
650 0 |a Forecasting  |x Study and teaching  |v Periodicals. 
650 6 |a Prévision  |x Étude et enseignement  |v Périodiques. 
650 7 |a Forecasting  |x Study and teaching.  |2 fast  |0 (OCoLC)fst00931737 
650 1 7 |a Prévision.  |2 rasuqam 
655 0 |a Electronic journals. 
776 0 8 |i Also issued in print:  |t Foresight (Cambridge, England)  |x 1463-6689  |w (OCoLC)43504195 
850 |a DLC 
856 4 0 |z Full text available from Research Library: 05/01/2003 to 1 year ago  |u https://search.proquest.com/publication/42539